Opiju tě rohlíkem /
V Opiju tě rohlíkem se můžeme poznat všichni – my nedokonalí. Hlavní hrdinka Zuzana svádí nikdy nekončící boj se svými slabostmi, zlozvyky a neřestmi, klade si předsevzetí, která nedodržuje, nechává se opíjet rohlíkem i životem. Kniha Opiju tě rohlíkem byla před lety kritiky přirovnávána k bestselle...
Uloženo v:
| Hlavní autor: | |
|---|---|
| Médium: | E-kniha |
| Jazyk: | Czech |
| Vydáno: |
Praha :
BELAMI,
2026
|
| Tagy: |
Žádné tagy |
| LEADER | 01423nam a22002297i 4500 | ||
|---|---|---|---|
| 001 | 302542 | ||
| 007 | ta | ||
| 008 | 260513s2026 xr ||||| |||| 00| 0 cze d | ||
| 020 | |a 9788087166260 | ||
| 044 | |a xr | ||
| 100 | 1 | |a Monyová, Simona |4 aut | |
| 245 | 1 | 0 | |a Opiju tě rohlíkem / |c Monyová, Simona |
| 264 | 1 | |a Praha : |b BELAMI, |c 2026 | |
| 300 | |a 1 online zdroj (128 stran) | ||
| 336 | |a text |b txt |2 rdacontent | ||
| 337 | |a bez média |b n |2 rdamedia | ||
| 338 | |a online zdroj |b cr |2 rdacarrier | ||
| 520 | 2 | |a V Opiju tě rohlíkem se můžeme poznat všichni – my nedokonalí. Hlavní hrdinka Zuzana svádí nikdy nekončící boj se svými slabostmi, zlozvyky a neřestmi, klade si předsevzetí, která nedodržuje, nechává se opíjet rohlíkem i životem. Kniha Opiju tě rohlíkem byla před lety kritiky přirovnávána k bestselleru Deník Bridget Jonesové nejen proto, že tyto romány vyšly takřka souběžně, ale zřejmě také proto, že svobodná „třicítka“ má prostě podobné starosti, ať žije kdekoliv na světě. | |
| 910 | |a RBIT002 | ||
| 998 | |d 427058 |a https://core.palmknihy.cz/api/books/427058/cover?tewynv |b https://core.palmknihy.cz/api/books/427058/cover/400?tewynv |c https://core.palmknihy.cz/api/books/427058/cover/50?tewynv |e |g 128 |i 9788087166260 |j https://core.palmknihy.cz/api/books/427058/preview.epub |l |q 49 |r 1 |s https://www.palmknihy.cz/kniha/427058 |t ebook |y 2026 |z 1 | ||
| 999 | |d 302540 | ||